| 000 | 00915nam a22002897a 4500 | ||
|---|---|---|---|
| 003 | CHAP | ||
| 005 | 20220329140611.0 | ||
| 008 | 971013s1973 r 10010 d | ||
| 010 | _a54568 | ||
| 011 | _a55540 | ||
| 035 | _a59692 | ||
| 040 | _cCHAP | ||
| 090 | _aFolleto 3496p | ||
| 111 | 0 | 0 |
_aSeminario sobre Revistas Científicas Nacionales ( _d1972 _c: San Juan del Río, Qro.) _9104344 |
| 245 | _aPrograma | ||
| 260 |
_aMéxico, D.F. : _bCONACYT, _c(1973) |
||
| 300 | _a(pág. var.) | ||
| 590 |
_aBATCH-UPD _b10 _c20130110 _lUCH01 _h0722 |
||
| 590 |
_aBATCH-UPD _b10 _c20130410 _lUCH01 _h0406 |
||
| 590 |
_aBATCH-UPD _b10 _c20130914 _lUCH01 _h0934 |
||
| 590 |
_aCONVERSION _b10 _c20130109 _lUCH01 _h1329 |
||
| 650 | 1 | 4 |
_aCiencia _xPublicaciones periódicas. _923133 |
| 650 | 1 | 4 |
_aPublicaciones periódicas mexicanas. _992728 |
| 901 | _aBK | ||
| 942 | _cFOLL | ||
| 949 |
_aFolleto 3496p _bBC _cB _d-129004 _eB _i59692 _si |
||
| 999 |
_c54568 _d54568 |
||